000 00298nam a2200121Ia 4500
008 220204s9999 xx 000 0 und d
082 _a681.31
_bKUO
100 _aKuo, Franklin F
245 0 _aNetwork analysis and synthesis
250 _aEd.2
260 _aNew York
_bJohn Wiley
_c1962
942 _cBK
999 _c39888
_d39888